000 00486nam a2200181 a 4500
005 20140414132121.0
008 120906s19uu xx 00 eng d
020 _a073989101-4
050 _aTR 372.89
_bB596 2004
100 _aBillings, Henry
245 _aMaps, globes, graphs : level A.
260 _aAustin, Texas :
_bHarcourt Achieve,Inc,
_c2004.
300 _a64
650 _aGeography-directions-maps.
650 _aGeography-globes.
999 _c115079
_d115079